Normal view MARC view
  • Otero, Carlos E.‏ ‎

Entry Personal Name

Number of records used in: 1

001 - CONTROL NUMBER

  • control field: 40885

003 - CONTROL NUMBER IDENTIFIER

  • control field: OSt

005 - DATE AND TIME OF LATEST TRANSACTION

  • control field: 20160825095426.0

008 - FIXED-LENGTH DATA ELEMENTS

  • fixed length control field: 160825|| aca||aabn | a|a d

040 ## - CATALOGING SOURCE

  • Original cataloging agency: OSt

100 1# - HEADING--PERSONAL NAME

  • Personal name: Otero, Carlos E.‏ ‎
  • Fuller form of name: (Carlos Enrique)‏